Responses for Show #3165 - Friday, May 8, 1998

1998 College Championship quarterfinal game 5.
From Zellerbach Auditorium at the University of California-Berkeley.

Contestants

[<< previous game]

Lucas Bergman, a junior at the University of Illinois-Chicago from Quincy, Illinois

Mari Webel, a sophomore at Stanford University from Carbondale, Illinois

Shane Underwood, a junior at the University of Alabama from Summerdale, Alabama

[next game >>]

Jeopardy! Round responses

COLLEGE MAJORS
COLLEGE TOWNS
COLLEGE ATHLETICS
(Alex: Duh, there's a pattern!)
COLLEGE SLANG
THE COLLEGE DINING HALL
WHEN THEY WERE IN COLLEGE
    $100 19
journalism

Mari
    $100 10
California

Mari
    $100 1
North Dakota

Lucas
    $100 7
dipstick

Mari
    $100 14
corn

Triple Stumper
    $100 16
Harvard

Mari
    $200 21
Greek & Latin

Mari
    $200 5
Ann Arbor

Mari
    $200 2
Tennessee

Shane
    $200 8
brainer

Mari
    $200 30
tacos

Lucas
    $200 17
John F. Kennedy Jr.

Lucas
    $300 23
cultures

Shane
    $300 6
(Lucas: What is Minneapolis?)

Washington, D.C.

Lucas
Triple Stumper
    $500 3
Stanford

Shane
    $300 9
parents

Mari
    $300 29
ravioli

Mari
    $300 24
(Alex: ...and we have less than a minute to go.)

Cornell

Mari
    $400 20
economics

Shane
    $400 12
Chicago

Shane
    $400 4
Dean Smith

Mari
    $400 15
drop a dime

Triple Stumper
    $400 28
the salad bar

Mari
    $400 26
(Alex: Audience?)

Terry McMillan

Triple Stumper
    $500 22
[Image showed Newt Gingrich]

history

Shane
    $500 13
Atlanta

Mari
    $500 11
gymnastics

Shane
    $500 18
on his pager

Triple Stumper
    $500 27
turkey

Mari
    $500 25
Tony Blair

Shane

Scores at the first commercial break (after clue 12):

Shane Mari Lucas
$1,600 $1,300 -$200

Scores at the end of the Jeopardy! Round:

Shane Mari Lucas
$3,300 $3,700 $200

Double Jeopardy! Round responses

ARMY MAJORS
CURRENT TV THEMES
GOVERNMENT & POLITICS
SHORT FICTION
ART HISTORY 101
WHAT'S "NU"?
    $200 20
Benedict Arnold

Lucas
    $200 12
Spin City

Mari
    $200 15
(Shane: What is judicial?)

legislative

ShaneMari
    $200 6
(Lucas: What is "The Pit and the Pendulum"?)

"The Tell-Tale Heart"

ShaneLucas
    $200 11
a wedding

Mari
    $200 1
nutrition

Shane
    $400 21
(Mari: Who was Harry Truman?)

Dwight D. Eisenhower

ShaneMari
    $700 13
(Mari: What is Beverly Hills, 90210?)

The Drew Carey Show

Mari
    $400 16
Al Gore

Mari
    $400 7
James Joyce

Mari
    $400 14
[Image showed Liberty Leading the People]

Eugene Delacroix

Triple Stumper
    $400 2
nuke

Shane
    $600 22
(Shane: Who was Gordis?)
...
(Alex: We have about a minute left, Shane.)

Walter Reed

Shane
Triple Stumper
    $600 29
Dawson's Creek

Mari
    $600 17
the Census Bureau

Lucas
    $600 8
(Mari: Who was Tolstoy?)

Anton Chekhov

Mari
Triple Stumper
    $600 24
(Shane: Who is Monet?)

Georges Seurat

ShaneMari
    $600 3
Nubia

Shane
    $800 23
George Custer

Mari
    $800 27
Party of Five

Shane
    $1,000 18
(Lucas: What is California?)

Colorado

Lucas
    $800 9
Walter Mitty

Lucas
    $800 25
(Mari: Who is Van Gogh?)

Paul Cezanne

Mari
Triple Stumper
    $800 4
numismatist

Shane
    $1000 28
William Lauderdale

Triple Stumper
    $1000 30
Primus

Lucas
    $1000 19
franking

Shane
    $1000 10
"The Open Boat"

Mari
    $1000 26
Jackson Pollock

Mari
    $1000 5
nuisance

Lucas

Scores at the end of the Double Jeopardy! Round:

Shane Mari Lucas
$6,300 $6,600 $2,600

Final Jeopardy! Round responses

GEOGRAPHY NEWS
[The four wildcard semifinalists are Grace Lansangan, Alex Weathers, Adia Benton, and Bryan Stofferahn.]
(Alex: [Clip taped in Los Angeles] This is a Jeopardy! update. When we taped today's Final Jeopardy!, Lake Champlain had indeed been named a Great Lake, but since then, the Senate has voted to rescind that promotion. We'll let you know if the status changes again next season.)
LucasWhat is The Great Salt Lake?
$2,600
ShaneWhat is Lake Champlain?
$5,600
MariWhat is The Great Salt Lake?
$4,000
Lake Champlain

Final scores:

Shane Mari Lucas
$11,900 $2,600 $0
Automatic semifinalist 2nd place: $2,500 if eliminated 3rd place: $2,500 if eliminated

Game dynamics:

Coryat scores:

Shane Mari Lucas
$6,100 $7,300 $3,600
16 R
(including 1 DD),
3 W
24 R,
4 W
(including 1 DD)
8 R,
3 W
(including 1 DD)

Combined Coryat: $17,000

[game clues] [game scores] [suggest correction]

Game tape date: Unknown
The J! Archive is created by fans, for fans. Scraping, republication, monetization, and malicious use prohibited; this site may use cookies and collect identifying information. See terms. The Jeopardy! game show and all elements thereof, including but not limited to copyright and trademark thereto, are the property of Jeopardy Productions, Inc. and are protected under law. This website is not affiliated with, sponsored by, or operated by Jeopardy Productions, Inc. Join the discussion at JBoard.tv.